| 000 | 00378nam a22001337a 4500 | ||
|---|---|---|---|
| 008 | 230606b xxu||||| |||| 00| 0 eng d | ||
| 020 | _a9966718362 | ||
| 082 |
_a352.1406762 _bMBO |
||
| 100 | _cHamisi Mboga | ||
| 245 |
_aUnderstanding the Local government system in Kenya _bA citizen's Handbook |
||
| 260 |
_bInstitute of Economic Affairs _c2009 |
||
| 300 | _a57p | ||
| 942 |
_2ddc _cBK |
||
| 999 |
_c629 _d629 |
||